[Event "SR 3. liga A2 2010/2011"]
[Site "?"]
[Date "2010.10.31"]
[Round "2.3"]
[White "Dvorsky, Jozef"]
[Black "Palka, Miroslav"]
[Result "1/2-1/2"]
[WhiteElo "2024"]
[BlackElo "1935"]
[PlyCount "60"]
[EventDate "2010.??.??"]
[WhiteTeam "Slovakia"]
[BlackTeam "II"]
[WhiteTeamCountry "SVK"]
[BlackTeamCountry "SVK"]

1. e4 c5 2. Nf3 d6 3. c4 Nf6 4. Nc3 g6 5. d4 cxd4 6. Nxd4 Bg7 7. Be2 O-O 8. Be3
Nc6 9. f3 a6 10. Qd2 Nxd4 11. Bxd4 Bd7 12. O-O Bc6 13. b4 Qc7 14. b5 Bd7 15.
Rac1 Qa5 16. Rfd1 axb5 17. cxb5 Be6 18. Qb2 Qa3 19. Nd5 Bxd5 20. Qxa3 Rxa3 21.
exd5 Rxa2 22. Bf1 Bh6 23. Rc7 Nxd5 24. Rxb7 Be3+ 25. Bxe3 Nxe3 26. Re1 Nxf1 27.
Rxf1 e6 28. Rc1 Rb2 29. b6 Ra8 30. Ra7 Rb8 1/2-1/2

[Event "SR 3. liga A2 2010/2011"]
[Site "?"]
[Date "2010.10.31"]
[Round "2.3"]
[White "Jakubec, Milan"]
[Black "Hrubsa, Marian"]
[Result "0-1"]
[WhiteElo "2073"]
[BlackElo "1979"]
[PlyCount "60"]
[EventDate "2010.??.??"]
[WhiteTeam "Slovakia"]
[BlackTeam "II"]
[WhiteTeamCountry "SVK"]
[BlackTeamCountry "SVK"]

1. e4 e6 2. d4 d5 3. e5 c5 4. dxc5 Nc6 5. Nf3 Bxc5 6. Bd3 Nge7 7. Qe2 Ng6 8. c3
a6 9. O-O O-O 10. Be3 Bxe3 11. Qxe3 f5 12. exf6 Qxf6 13. Bxg6 Qxg6 14. Re1 Bd7
15. Nbd2 Rae8 16. Nd4 e5 17. Nxc6 Bxc6 18. Nb3 Rf5 19. g3 Ref8 20. Re2 Qg4 21.
Rd2 Qh3 22. Qd3 Rf3 23. Qf1 Qf5 24. Rad1 Qf7 25. Qe1 Rf5 26. Re2 d4 27. Nxd4
exd4 28. Rxd4 Rf3 29. Qd2 Rxg3+ 30. Kf1 Qf3 0-1

[Event "SR 3. liga A2 2010/2011"]
[Site "?"]
[Date "2010.10.31"]
[Round "2.3"]
[White "Machalova, Erika"]
[Black "Kastler, Peter"]
[Result "1-0"]
[WhiteElo "2161"]
[BlackElo "1711"]
[PlyCount "67"]
[EventDate "2010.??.??"]
[WhiteTeam "Slovakia"]
[BlackTeam "II"]
[WhiteTeamCountry "SVK"]
[BlackTeamCountry "SVK"]

1. d4 d5 2. c4 e6 3. Nc3 Nf6 4. Bg5 Bb4 5. e3 c6 6. cxd5 exd5 7. Bd3 O-O 8.
Nge2 Bg4 9. O-O Nbd7 10. Qb3 Bxc3 11. bxc3 Qb6 12. Qc2 Rfe8 13. Rab1 Qc7 14. f3
Bh5 15. Ng3 Bg6 16. e4 h6 17. Bd2 Nh7 18. c4 dxe4 19. fxe4 Nhf6 20. Bf4 Qc8 21.
e5 Bxd3 22. Qxd3 Nh7 23. Nf5 Qd8 24. Qg3 g6 25. Nxh6+ Kf8 26. Bc1 Re6 27. Rxf7+
Ke8 28. Rxh7 Nf8 29. Rh8 Qxd4+ 30. Be3 Qe4 31. Rf1 Ke7 32. Rf7+ Kd8 33. Rhxf8+
Re8 34. Bg5+ 1-0

[Event "SR 3. liga A2 2010/2011"]
[Site "?"]
[Date "2010.11.20"]
[Round "2.3"]
[White "Svoboda, Adam"]
[Black "Kovarik, Oto"]
[Result "0-1"]
[WhiteElo "1925"]
[BlackElo "2025"]
[PlyCount "38"]
[EventDate "2010.??.??"]
[WhiteTeam "Slovakia"]
[BlackTeam "II"]
[WhiteTeamCountry "SVK"]
[BlackTeamCountry "SVK"]

1. e4 c5 2. Nf3 e6 3. d4 cxd4 4. Nxd4 Nc6 5. Nc3 a6 6. Be3 Qc7 7. Qd2 Nf6 8. f3
Be7 9. O-O-O b5 10. g4 O-O 11. h4 Bb7 12. h5 Nxd4 13. Bxd4 b4 14. Ne2 d5 15. e5
Nd7 16. f4 Rac8 17. g5 Nc5 18. Bxc5 Bxc5 19. Bg2 Be3 0-1

[Event "SR 3. liga A2 2010/2011"]
[Site "?"]
[Date "2010.10.31"]
[Round "2.3"]
[White "Takacs, Laszlo"]
[Black "Mihalik, Anton"]
[Result "1/2-1/2"]
[WhiteElo "1921"]
[BlackElo "1919"]
[PlyCount "32"]
[EventDate "2010.??.??"]
[WhiteTeam "Slovakia"]
[BlackTeam "II"]
[WhiteTeamCountry "SVK"]
[BlackTeamCountry "SVK"]

1. e4 c5 2. Nf3 d6 3. d4 cxd4 4. Nxd4 Nf6 5. Nc3 a6 6. Be2 e5 7. Nb3 Be6 8. Be3
Be7 9. O-O O-O 10. f3 Nbd7 11. Qe1 d5 12. exd5 Nxd5 13. Nxd5 Bxd5 14. Rd1 Be6
15. Kh1 Qc7 16. Bd3 f5 $11 1/2-1/2

[Event "SR 3. liga A2 2010/2011"]
[Site "?"]
[Date "2010.10.31"]
[Round "2.4"]
[White "Bincik, Pavol"]
[Black "Feher, Tibor"]
[Result "1/2-1/2"]
[WhiteElo "1909"]
[BlackElo "1805"]
[PlyCount "42"]
[EventDate "2010.??.??"]
[WhiteTeam "Slovakia"]
[BlackTeam "II"]
[WhiteTeamCountry "SVK"]
[BlackTeamCountry "SVK"]

1. d4 d5 2. c4 c6 3. Nc3 Nf6 4. Nf3 e6 5. Bg5 Be7 6. e3 Nbd7 7. a3 dxc4 8. Bxc4
Nb6 9. Ba2 O-O 10. O-O c5 11. dxc5 Qxd1 12. Rfxd1 Bxc5 13. Rd3 Nbd7 14. Rad1 h6
15. Bh4 b6 16. Bg3 Be7 17. Bd6 Re8 18. Nb5 Ba6 19. Nc7 Bxd3 20. Nxe8 Bxd6 21.
Nxf6+ Nxf6 $11 1/2-1/2

[Event "SR 3. liga A2 2010/2011"]
[Site "?"]
[Date "2010.10.31"]
[Round "2.4"]
[White "Brisudova, Veronika"]
[Black "Kramarik, Peter"]
[Result "1-0"]
[WhiteElo "1797"]
[BlackElo "1989"]
[PlyCount "67"]
[EventDate "2010.??.??"]
[WhiteTeam "Slovakia"]
[BlackTeam "II"]
[WhiteTeamCountry "SVK"]
[BlackTeamCountry "SVK"]

1. e4 e6 2. d4 d5 3. exd5 exd5 4. Nf3 Nf6 5. Bd3 Be7 6. O-O O-O 7. Bf4 b6 8. c3
c5 9. Nbd2 Nc6 10. Rc1 g6 11. Re1 Nh5 12. Bh6 Ng7 13. Nf1 Re8 14. Bb5 Bb7 15.
Ne5 Rc8 16. Bxg7 Kxg7 17. Qa4 Qd6 18. Ne3 a5 19. Nxc6 Bxc6 20. Bxc6 Rxc6 21.
dxc5 Qxc5 22. Qg4 Kf8 23. Rcd1 Re6 24. Qd4 Qxd4 25. Rxd4 Bc5 26. Rd3 f5 27. Kf1
d4 28. cxd4 Bb4 29. Red1 f4 30. Nc2 Re2 31. Nxb4 Rxb2 32. Nd5 Ree2 33. Rf3 Kg7
34. Nxf4 1-0

[Event "SR 3. liga A2 2010/2011"]
[Site "?"]
[Date "2010.11.20"]
[Round "2.4"]
[White "Jozefovic, Milan"]
[Black "Krist, Milan"]
[Result "1/2-1/2"]
[WhiteElo "1917"]
[BlackElo "2004"]
[PlyCount "73"]
[EventDate "2010.??.??"]
[WhiteTeam "Slovakia"]
[BlackTeam "II"]
[WhiteTeamCountry "SVK"]
[BlackTeamCountry "SVK"]

1. e4 e6 2. Nf3 d5 3. exd5 exd5 4. d4 Nf6 5. Bg5 Be7 6. Bd3 O-O 7. O-O Bg4 8.
Nbd2 Nbd7 9. c3 Bh5 10. Qc2 Bg6 11. Bxg6 hxg6 12. Ne5 c6 13. Rae1 Re8 14. Re2
Nxe5 15. dxe5 Nd7 16. Bxe7 Rxe7 17. f4 Nc5 18. b4 Ne6 19. f5 gxf5 20. Qxf5 a5
21. a3 axb4 22. axb4 d4 23. c4 Ra2 24. Ref2 Qb6 25. Qb1 Ra4 26. b5 cxb5 27.
cxb5 Qc5 28. Rc1 Qxe5 29. Rc8+ Nf8 30. Nf3 Qe3 31. h3 Ra3 32. Rc1 Rb3 33. Qa1
Ra3 34. Qb2 Rb3 35. Qa1 Ra3 36. Qb2 Rb3 37. Qa1 1/2-1/2

[Event "SR 3. liga A2 2010/2011"]
[Site "?"]
[Date "2010.10.31"]
[Round "2.4"]
[White "Skapikova, Lubica"]
[Black "Puobis, Jozef"]
[Result "1/2-1/2"]
[WhiteElo "1926"]
[BlackElo "1949"]
[PlyCount "107"]
[EventDate "2010.??.??"]
[WhiteTeam "Slovakia"]
[BlackTeam "II"]
[WhiteTeamCountry "SVK"]
[BlackTeamCountry "SVK"]

1. e4 d5 2. exd5 Nf6 3. d4 Nxd5 4. Nf3 Bg4 5. Be2 e6 6. O-O Bd6 7. h3 Bh5 8.
Ne5 Bxe2 9. Qxe2 c6 10. c4 Nf6 11. Nc3 Nbd7 12. Bg5 Be7 13. Rfe1 O-O 14. Rad1
Nxe5 15. dxe5 Nd7 16. Bf4 Qc7 17. Qg4 Kh8 18. a3 g5 19. Bg3 Rg8 20. b4 a5 21.
c5 b6 22. cxb6 Nxb6 23. Re2 axb4 24. axb4 Nd5 25. Nxd5 cxd5 26. Qd4 Ra3 27. Rd3
Rxd3 28. Qxd3 Bxb4 29. Rc2 Qa5 30. Qf3 Qd8 31. Qxf7 Qe7 32. Qxe7 Bxe7 33. Kf1
h5 34. f3 Kg7 35. Rc7 Kf8 36. Rc6 Kf7 37. Be1 Rb8 38. Rc7 Ke8 39. Ba5 g4 40.
hxg4 hxg4 41. fxg4 Bb4 42. Rh7 Rb5 43. Bc7 d4 44. Ke2 Bc5 45. Bd6 Rb2+ 46. Kd3
Rb3+ 47. Kd2 Bxd6 $11 48. exd6 Rg3 49. Rg7 e5 50. Re7+ Kd8 51. Rxe5 Rxg2+ 52.
Kd3 Rxg4 53. Re7 Rh4 54. Rf7 $11 1/2-1/2

[Event "SR 3. liga A2 2010/2011"]
[Site "?"]
[Date "2010.10.31"]
[Round "2.4"]
[White "Sturdik, Igor"]
[Black "Szitasi, Janos"]
[Result "1-0"]
[WhiteElo "2071"]
[BlackElo "2020"]
[PlyCount "81"]
[EventDate "2010.??.??"]
[WhiteTeam "Slovakia"]
[BlackTeam "II"]
[WhiteTeamCountry "SVK"]
[BlackTeamCountry "SVK"]

1. e4 c5 2. Nf3 d6 3. d4 cxd4 4. Nxd4 Nf6 5. Nc3 Nc6 6. Be3 e6 7. f4 Be7 8. Nb3
O-O 9. Qf3 Na5 10. Bd3 Bd7 11. O-O Nc6 12. a3 a6 13. g4 Ne8 14. Qh3 g6 15. Rf3
Bf6 16. Raf1 b5 17. g5 Bg7 18. Qh4 h5 19. R3f2 Ne7 20. f5 exf5 21. exf5 gxf5
22. Qxh5 Ng6 23. Bxf5 Bxf5 24. Rxf5 Nc7 25. Ne4 Qe7 26. Nbd2 d5 27. Bc5 Qe6 28.
Nf6+ Bxf6 29. Rxf6 Qe5 30. Rxg6+ fxg6 31. Qxg6+ Qg7 32. Qxg7+ Kxg7 33. Bxf8+
Rxf8 34. Rxf8 Kxf8 35. Kf2 Kg7 36. Ke3 Ne6 37. Nf3 Kg6 38. Kf2 Kf5 39. Kg3 Ng7
40. Kf2 Ne6 41. Ke3 1-0

[Event "SR 3. liga A2 2010/2011"]
[Site "?"]
[Date "2010.10.31"]
[Round "2.4"]
[White "Valla, Tomas"]
[Black "Liptak, Dusan"]
[Result "1-0"]
[WhiteElo "1750"]
[BlackElo "2086"]
[PlyCount "57"]
[EventDate "2010.??.??"]
[WhiteTeam "Slovakia"]
[BlackTeam "II"]
[WhiteTeamCountry "SVK"]
[BlackTeamCountry "SVK"]

1. e4 c5 2. c3 Qa5 3. Nf3 d6 4. g3 Nf6 5. Qe2 Nc6 6. Na3 Bg4 7. Bg2 Rc8 8. O-O
g6 9. h3 Bd7 10. e5 dxe5 11. Nxe5 Nxe5 12. Qxe5 Qa6 13. Re1 Be6 14. d4 cxd4 15.
cxd4 Rd8 16. Nb5 Qb6 17. Nc7+ Kd7 18. Nxe6 fxe6 19. d5 exd5 20. Bxd5 Ke8 21.
Bb3 Qd6 22. Qb5+ Qc6 23. Qb4 a6 24. Bg5 Rd6 25. Rad1 Rxd1 26. Rxd1 e5 27. Qa5
Be7 28. Qxe5 Rf8 29. Re1 1-0

[Event "SR 3. liga A2 2010/2011"]
[Site "?"]
[Date "2010.11.20"]
[Round "2.5"]
[White "Bahna, Jan"]
[Black "Husek, Lubomir"]
[Result "1-0"]
[WhiteElo "1975"]
[BlackElo "1786"]
[PlyCount "113"]
[EventDate "2010.??.??"]
[WhiteTeam "Slovakia"]
[BlackTeam "II"]
[WhiteTeamCountry "SVK"]
[BlackTeamCountry "SVK"]

1. e4 e5 2. Nf3 Nc6 3. Bb5 a6 4. Ba4 Nf6 5. O-O Be7 6. Re1 b5 7. Bb3 d6 8. a4
b4 9. a5 O-O 10. h3 Bb7 11. d3 Nb8 12. Nbd2 Nbd7 13. Nc4 Nc5 14. Ba2 Rb8 15.
Be3 Ncd7 16. Qd2 c5 17. Bb3 Qc7 18. g3 Rfe8 19. Kh2 d5 20. exd5 Nxd5 21. Nh4
Bxh4 22. gxh4 e4+ 23. Kg1 exd3 24. Qxd3 Nxe3 25. Rxe3 Qc6 26. f3 Rxe3 27. Qxe3
Qxf3 28. Qxf3 Bxf3 29. Nd6 Bh5 30. Bc4 Ra8 31. Rf1 Nf6 32. Rf5 Bg6 33. Rxc5 Ne4
34. Nxe4 Bxe4 35. Bxa6 Kf8 36. Be2 f5 37. Kf2 Ke7 38. Ke3 Kd6 39. Kd4 Ra7 40.
Bd3 b3 41. Bxe4 fxe4 42. c4 Re7 43. Rd5+ Kc6 44. Ke3 Re6 45. Rb5 Re7 46. Rxb3
Kc5 47. Ra3 Kxc4 48. a6 Ra7 49. Kxe4 Kc5 50. Kd3 Kb4 51. Kd4 Kb5 52. Kd5 Kb6
53. h5 Rd7+ 54. Ke6 Ra7 55. Kd6 g6 56. h6 Ra8 57. a7 1-0

[Event "SR 3. liga A2 2010/2011"]
[Site "?"]
[Date "2010.10.31"]
[Round "2.5"]
[White "Kalmar, Tamas"]
[Black "Lopatievov, Alexander"]
[Result "0-1"]
[WhiteElo "1754"]
[BlackElo "1988"]
[PlyCount "62"]
[EventDate "2010.??.??"]
[WhiteTeam "Slovakia"]
[BlackTeam "II"]
[WhiteTeamCountry "SVK"]
[BlackTeamCountry "SVK"]

1. d4 e6 2. Nf3 Nf6 3. g3 b6 4. Bg2 Bb7 5. O-O c5 6. c3 Be7 7. Bg5 h6 8. Bxf6
Bxf6 9. dxc5 bxc5 10. Nbd2 d5 11. Re1 e5 12. e4 d4 13. cxd4 cxd4 14. Nc4 Nc6
15. Qa4 O-O 16. Rac1 Re8 17. Red1 Qe7 18. a3 Rec8 19. h4 Nd8 20. Ne1 Bc6 21.
Qb3 Rab8 22. Qc2 Bb5 23. Bf1 Ne6 24. b4 g5 25. h5 g4 26. Qb1 Ba4 27. Qd3 Bg5
28. f4 exf4 29. gxf4 Bxf4 30. Ng2 Bxc1 31. Rxc1 Qg5 0-1

[Event "SR 3. liga A2 2010/2011"]
[Site "?"]
[Date "2010.10.31"]
[Round "2.5"]
[White "Kosar, Mikulas ml"]
[Black "Gasa, Patrik"]
[Result "1-0"]
[WhiteElo "1889"]
[BlackElo "1706"]
[PlyCount "45"]
[EventDate "2010.??.??"]
[WhiteTeam "Slovakia"]
[BlackTeam "II"]
[WhiteTeamCountry "SVK"]
[BlackTeamCountry "SVK"]

1. e4 c5 2. d4 cxd4 3. Qxd4 Nc6 4. Qd3 g6 5. Nc3 Bg7 6. Nf3 Nf6 7. Be2 O-O 8.
O-O d6 9. h3 Be6 10. Be3 d5 11. exd5 Nxd5 12. Nxd5 Qxd5 13. Qxd5 Bxd5 14. c3 e5
15. Rfd1 Rfd8 16. Nd2 f5 $11 17. Bg5 Rd7 18. Nb3 h6 19. Rxd5 Rxd5 20. Bc4 hxg5
21. Bxd5+ Kf8 22. Nc5 b6 23. Ne6+ 1-0

[Event "SR 3. liga A2 2010/2011"]
[Site "?"]
[Date "2010.10.31"]
[Round "2.5"]
[White "Lanyi, Frantisek"]
[Black "Vach, Jozef"]
[Result "0-1"]
[WhiteElo "1725"]
[BlackElo "1900"]
[PlyCount "108"]
[EventDate "2010.??.??"]
[WhiteTeam "Slovakia"]
[BlackTeam "II"]
[WhiteTeamCountry "SVK"]
[BlackTeamCountry "SVK"]

1. e4 e5 2. Nf3 Nc6 3. Bb5 a6 4. Ba4 Nf6 5. O-O Be7 6. Re1 b5 7. Bb3 d6 8. h3
Na5 9. d4 Nxb3 10. axb3 Bb7 11. d5 O-O 12. c4 c6 13. Nbd2 Qc7 14. Nf1 Rfe8 15.
Ng3 cxd5 16. cxd5 h6 17. Bd2 Rac8 18. Rc1 Qd8 19. Re3 Bf8 20. Rec3 Rxc3 21.
Rxc3 b4 22. Rc2 a5 23. Qc1 Nd7 24. Be3 Qb8 25. Nf5 Kh7 26. g4 Rc8 27. g5 Rxc2
28. Qxc2 Qc8 29. Qxc8 Bxc8 30. gxh6 gxh6 31. Nd2 Ba6 32. Nc4 Bxc4 33. bxc4 a4
34. Bd2 a3 35. bxa3 bxa3 36. Ne3 Nc5 37. f3 Nb3 38. Bc3 Be7 39. Nc2 a2 40. Kf2
Bd8 41. f4 Bb6+ 42. Kf3 Nd4+ 43. Bxd4 Bxd4 44. fxe5 Bxe5 45. Ke3 a1=Q 46. Nxa1
Bxa1 47. c5 dxc5 48. d6 Be5 49. d7 Bf6 50. Kd3 Kg6 51. Kc4 Be7 52. Kd5 Kg5 53.
e5 Kf5 54. e6 fxe6+ 0-1

[Event "SR 3. liga A2 2010/2011"]
[Site "?"]
[Date "2010.10.31"]
[Round "2.5"]
[White "Liptak, Tomas"]
[Black "Brunovsky, Peter"]
[Result "1-0"]
[WhiteElo "2073"]
[BlackElo "1785"]
[PlyCount "59"]
[EventDate "2010.??.??"]
[WhiteTeam "Slovakia"]
[BlackTeam "II"]
[WhiteTeamCountry "SVK"]
[BlackTeamCountry "SVK"]

1. e4 c6 2. d4 d5 3. e5 Bf5 4. Nc3 e6 5. g4 Bg6 6. Nge2 c5 7. Be3 cxd4 8. Nxd4
Nc6 9. Bb5 Nge7 10. h4 h5 11. g5 a6 12. Bxc6+ Nxc6 13. Nxc6 bxc6 14. Na4 Qa5+
15. c3 Rb8 16. O-O Be7 17. b4 Bxb4 18. cxb4 Rxb4 19. Bd2 O-O 20. Bxb4 Qxb4 21.
f4 Be4 22. Rc1 Rb8 23. Rf2 Qa3 24. Rc3 Qb4 25. Rb3 Qf8 26. Rxb8 Qxb8 27. Qb3
Qa7 28. Qb6 Qe7 29. Qc5 Qb7 30. Rb2 1-0

[Event "SR 3. liga A2 2010/2011"]
[Site "?"]
[Date "2010.10.31"]
[Round "2.5"]
[White "Matus, David"]
[Black "Nemsak, Denis"]
[Result "0-1"]
[WhiteElo "1756"]
[BlackElo "1791"]
[PlyCount "36"]
[EventDate "2010.??.??"]
[WhiteTeam "Slovakia"]
[BlackTeam "II"]
[WhiteTeamCountry "SVK"]
[BlackTeamCountry "SVK"]

1. e4 d5 2. exd5 Nf6 3. c4 e6 4. dxe6 Bxe6 5. Nf3 Nc6 6. Nc3 Bc5 7. Be2 Qd7 8.
a3 a5 9. b3 Rd8 10. Bb2 O-O 11. Nb5 Bg4 12. d3 Bxf3 13. gxf3 Nh5 14. Qd2 Rfe8
15. Rd1 Rxe2+ 16. Kxe2 Re8+ 17. Kf1 Qh3+ 18. Kg1 Re6 0-1

[Event "SR 3. liga A2 2010/2011"]
[Site "?"]
[Date "2010.11.20"]
[Round "2.6"]
[White "Hrubos, Milan"]
[Black "Hagara, Vladimir"]
[Result "0-1"]
[WhiteElo "1802"]
[BlackElo "1900"]
[PlyCount "60"]
[EventDate "2010.??.??"]
[WhiteTeam "Slovakia"]
[BlackTeam "II"]
[WhiteTeamCountry "SVK"]
[BlackTeamCountry "SVK"]

1. e4 c5 2. Nf3 d6 3. d4 cxd4 4. Nxd4 Nf6 5. Nc3 a6 6. Bg5 Nbd7 7. f4 Qc7 8.
Qf3 g6 9. O-O-O Bg7 10. h3 O-O 11. g4 Rb8 12. f5 b5 13. Qe3 Bb7 14. Bg2 Rbc8
15. Rhe1 Ne5 16. Bf1 Rfe8 17. Rd2 Nfd7 18. fxg6 hxg6 19. Bf4 Nc4 20. Bxc4 Qxc4
21. Bg3 b4 22. Na4 Qxa2 23. Nb3 Qxa4 24. e5 Nxe5 25. Bxe5 Bxe5 26. Kb1 Qb5 27.
h4 a5 28. h5 Bf6 29. hxg6 fxg6 30. Rh2 Qe5 0-1

[Event "SR 3. liga A2 2010/2011"]
[Site "?"]
[Date "2010.10.31"]
[Round "2.6"]
[White "Lanik, Miroslav"]
[Black "Czikhardt, Tibor"]
[Result "1/2-1/2"]
[WhiteElo "1871"]
[BlackElo "1990"]
[PlyCount "58"]
[EventDate "2010.??.??"]
[WhiteTeam "Slovakia"]
[BlackTeam "II"]
[WhiteTeamCountry "SVK"]
[BlackTeamCountry "SVK"]

1. e4 e6 2. d4 d5 3. e5 c5 4. c3 Nc6 5. Nf3 Bd7 6. a3 Qb6 7. b4 cxd4 8. cxd4
Nge7 9. Be3 Nf5 10. Bd3 Nxe3 11. fxe3 Rc8 12. O-O Be7 13. Nbd2 O-O 14. Rc1 f5
15. exf6 Bxf6 16. Kh1 a6 17. Nb3 e5 18. dxe5 Nxe5 19. Nxe5 Rxc1 20. Nxc1 Bxe5
21. Bxh7+ Kxh7 22. Rxf8 Qh6 23. Qg1 Bc6 24. Nd3 Bd6 25. Rf3 d4 26. exd4 Bxf3
27. gxf3 Qd2 28. Ne5 Bxe5 29. dxe5 Qe2 1/2-1/2

[Event "SR 3. liga A2 2010/2011"]
[Site "?"]
[Date "2010.10.31"]
[Round "2.6"]
[White "Mackovic, Matus"]
[Black "Vegh, Vince"]
[Result "0-1"]
[WhiteElo "1846"]
[BlackElo "1947"]
[PlyCount "88"]
[EventDate "2010.??.??"]
[WhiteTeam "Slovakia"]
[BlackTeam "II"]
[WhiteTeamCountry "SVK"]
[BlackTeamCountry "SVK"]

1. e4 c5 2. Nf3 Nc6 3. d4 cxd4 4. Nxd4 e5 5. Nb5 d6 6. c4 a6 7. N5c3 Nf6 8. f3
Be7 9. Be3 O-O 10. Be2 Rb8 11. Nd5 b5 12. cxb5 axb5 13. Nxe7+ Qxe7 14. Nc3 b4
15. Nd5 Nxd5 16. Qxd5 Bb7 17. Qd2 Rfd8 18. Bc4 Nd4 19. Bxd4 exd4 20. O-O d5 21.
exd5 Bxd5 22. Bxd5 Rxd5 23. Rfe1 Qc5 24. Rac1 Qb6 25. Qd3 g6 26. Rc4 Rbd8 27.
Rd1 Re5 28. Kf1 Re3 29. Qd2 d3 30. Rxb4 Qc5 31. Re4 Rxe4 32. fxe4 Rd6 33. g3
Qc4 34. e5 Rd5 35. Re1 Qxa2 36. Kf2 Qa7+ 37. Re3 $11 Qc5 38. Kf3 Qc2 39. Re2
Qc6 40. Re3 Rxe5+ 41. Kf2 Rf5+ 42. Kg1 Rf1+ 43. Kxf1 Qh1+ 44. Kf2 Qxh2+ 0-1

[Event "SR 3. liga A2 2010/2011"]
[Site "?"]
[Date "2010.10.31"]
[Round "2.6"]
[White "Strapko, Tomas"]
[Black "Kahancova, Jana"]
[Result "1-0"]
[WhiteElo "1892"]
[BlackElo "1581"]
[PlyCount "45"]
[EventDate "2010.??.??"]
[WhiteTeam "Slovakia"]
[BlackTeam "II"]
[WhiteTeamCountry "SVK"]
[BlackTeamCountry "SVK"]

1. d4 d5 2. c4 e6 3. Nc3 Nf6 4. Nf3 Be7 5. Bg5 c6 6. e3 Nbd7 7. Bd3 dxc4 8.
Bxc4 Nb6 9. Bb3 h6 10. Bh4 Nbd5 11. O-O O-O 12. Bc2 Qc7 13. a3 b6 14. Qd3 g6
15. Bg3 Qd8 16. Ne5 c5 17. Nxg6 fxg6 18. Qxg6+ Kh8 19. Qxh6+ Kg8 20. Qg6+ Kh8
21. Be5 Rf7 22. Qxf7 Qg8 23. Qh5+ 1-0

[Event "SR 3. liga A2 2010/2011"]
[Site "?"]
[Date "2010.10.31"]
[Round "2.6"]
[White "Vogl, Zdenek"]
[Black "Lajda, Dusan"]
[Result "1/2-1/2"]
[WhiteElo "1863"]
[BlackElo "1890"]
[PlyCount "71"]
[EventDate "2010.??.??"]
[WhiteTeam "Slovakia"]
[BlackTeam "II"]
[WhiteTeamCountry "SVK"]
[BlackTeamCountry "SVK"]

1. e4 c5 2. Nf3 d6 3. d4 cxd4 4. Nxd4 Nf6 5. Nc3 g6 6. Bc4 Bg7 7. Bb3 Nc6 8.
Be3 O-O 9. Qd2 Na5 10. f3 a6 11. O-O Bd7 12. Nd5 Nxb3 13. Nxf6+ Bxf6 14. axb3
Qc7 15. c4 Rfc8 16. Rac1 Qd8 17. Rc2 Rc7 18. Rfc1 Rac8 19. Ne2 Qe8 20. Nf4 Bc6
21. Bb6 Rd7 22. Nd5 Bg7 23. Bd4 Bxd4+ 24. Qxd4 Bxd5 25. cxd5 Rdd8 26. Qb6 Rxc2
27. Rxc2 Rc8 28. Rc3 Qd7 29. Kf2 h5 30. h3 f6 31. g4 hxg4 32. hxg4 Kf7 33. Qe3
g5 34. Qd3 Kg7 35. Kg3 b5 36. b4 1/2-1/2

[Event "SR 3. liga A2 2010/2011"]
[Site "?"]
[Date "2010.10.31"]
[Round "2.6"]
[White "Zajicek, Ferdinand"]
[Black "Sarmir, Milos"]
[Result "0-1"]
[WhiteElo "1873"]
[BlackElo "2062"]
[PlyCount "98"]
[EventDate "2010.??.??"]
[WhiteTeam "Slovakia"]
[BlackTeam "II"]
[WhiteTeamCountry "SVK"]
[BlackTeamCountry "SVK"]

1. e4 c6 2. Nf3 d6 3. d4 Nf6 4. Nc3 Bg4 5. Be2 Qc7 6. e5 dxe5 7. Nxe5 Bxe2 8.
Qxe2 e6 9. O-O Nbd7 10. Bf4 Bd6 11. Rfe1 O-O 12. Nxd7 Nxd7 13. Bxd6 Qxd6 14.
Ne4 Qe7 15. c3 Nf6 16. Nxf6+ Qxf6 17. Qe5 Qxe5 18. Rxe5 Rad8 19. f4 g6 20. g4
Rd7 21. Rae1 Kg7 22. h4 Rfd8 23. Kf2 Rd5 24. Rxd5 Rxd5 25. Re5 Kf6 26. Ke3 Ke7
27. c4 Rd8 28. Ra5 a6 29. Ra3 Kd6 30. b4 Ra8 31. g5 Rh8 32. Ke4 h6 33. c5+ Kd7
34. Rf3 hxg5 35. hxg5 Rh2 36. a3 Ke7 37. Rg3 Rh1 38. Re3 f6 39. Rg3 Re1+ 40.
Re3 Rg1 41. gxf6+ Kxf6 42. Rh3 Re1+ 43. Re3 Rh1 44. Rg3 Rh8 45. Rf3 Rh1 46. Rg3
Rh4 47. Rg5 Rh3 48. Rg2 Rxa3 49. Rh2 Rb3 0-1

[Event "SR 3. liga A2 2010/2011"]
[Site "?"]
[Date "2010.10.31"]
[Round "2.7"]
[White "Bertalan, Balint"]
[Black "Palka, Martin"]
[Result "1-0"]
[WhiteElo "1802"]
[BlackElo "1855"]
[PlyCount "81"]
[EventDate "2010.??.??"]
[WhiteTeam "Slovakia"]
[BlackTeam "II"]
[WhiteTeamCountry "SVK"]
[BlackTeamCountry "SVK"]

1. e4 c5 2. Nf3 d6 3. d4 cxd4 4. Nxd4 Nf6 5. Nc3 g6 6. Be3 Nc6 7. Nxc6 bxc6 8.
Bc4 e5 9. Qd3 h6 10. O-O-O Qc7 11. h3 a5 12. a4 Be6 13. Bxe6 fxe6 14. f4 exf4
15. Bxf4 e5 16. Bg3 Qf7 17. Rhf1 Qe6 18. Bh4 g5 19. Bg3 Be7 20. Rf5 O-O 21. h4
Nd7 22. hxg5 hxg5 23. Rh1 Rxf5 24. exf5 Qf7 25. Rh6 Rf8 26. Rg6+ Kh8 27. Bxe5+
Nxe5 28. Qh3+ Qh7 29. Rh6 Qxh6 30. Qxh6+ Kg8 31. Qe6+ Rf7 32. Ne4 Kg7 33. Nxd6
Bxd6 34. Qxd6 Rxf5 35. Qc7+ Kg6 36. Kb1 Kh5 37. Qxa5 Kg4 38. Qe1 Kf4 39. a5 Ng4
40. a6 Ne3 41. a7 1-0

[Event "SR 3. liga A2 2010/2011"]
[Site "?"]
[Date "2010.10.31"]
[Round "2.7"]
[White "Fekete, Robert"]
[Black "Mackovic, Miroslav"]
[Result "1-0"]
[WhiteElo "1866"]
[BlackElo "1915"]
[PlyCount "85"]
[EventDate "2010.??.??"]
[WhiteTeam "Slovakia"]
[BlackTeam "II"]
[WhiteTeamCountry "SVK"]
[BlackTeamCountry "SVK"]

1. e4 c5 2. Nf3 d6 3. Bc4 e6 4. Nc3 Nf6 5. d3 a6 6. O-O d5 7. exd5 exd5 8. Re1+
Be7 9. Bb3 O-O 10. Nxd5 Nxd5 11. Bxd5 Qxd5 12. Rxe7 Be6 13. Ng5 Nd7 14. Nxe6
fxe6 15. Qg4 Rf7 16. Qxe6 Qxe6 17. Rxe6 h6 18. Bd2 b5 19. Rae1 Kf8 20. g3 Nf6
21. Bf4 Kg8 22. Bd6 c4 23. d4 Rd7 24. c3 Kh7 25. h3 a5 26. a3 Ra6 27. Bc5 Rxe6
28. Rxe6 Nd5 29. Kg2 Kg8 30. f4 Kf7 31. Re5 Kf6 32. Kf3 Kf7 33. g4 a4 34. h4
Nc7 35. Ke4 Na6 36. Bb6 Re7 37. Rxe7+ Kxe7 38. Kd5 Kf6 39. Kc6 b4 40. Kb7 bxc3
41. bxc3 Nb4 42. cxb4 Ke6 43. Kc6 1-0

[Event "SR 3. liga A2 2010/2011"]
[Site "?"]
[Date "2010.10.31"]
[Round "2.7"]
[White "Markuliak, Mario"]
[Black "Papanek, Lubomir"]
[Result "1-0"]
[WhiteElo "1864"]
[BlackElo "1711"]
[PlyCount "99"]
[EventDate "2010.??.??"]
[WhiteTeam "Slovakia"]
[BlackTeam "II"]
[WhiteTeamCountry "SVK"]
[BlackTeamCountry "SVK"]

1. e4 c5 2. c4 d6 3. Nf3 Bg4 4. Be2 Nc6 5. O-O Nf6 6. Nc3 e6 7. d3 Be7 8. Be3
O-O 9. d4 Bxf3 10. Bxf3 cxd4 11. Bxd4 Qa5 12. Nb5 a6 13. Bc3 Qd8 14. Nd4 Qc7
15. Nxc6 bxc6 16. Re1 e5 17. Qc2 Nd7 18. Rad1 Nc5 19. g3 Ne6 20. Re2 c5 21. Bg2
Nd4 22. Bxd4 cxd4 23. f4 Qb6 24. Kh1 Rab8 25. f5 Rfc8 26. Bh3 f6 27. g4 Qb4 28.
b3 a5 29. g5 a4 30. gxf6 Bxf6 31. Rd3 axb3 32. axb3 Ra8 33. Qd2 Ra1+ 34. Kg2
Qc5 35. Bg4 Rca8 36. Rf2 R8a6 37. Bd1 Qa7 38. Kf3 R6a2 39. Qb4 Be7 40. Qb5 Qa8
41. Qd7 Kf8 42. Rdd2 Ra7 43. Qe6 Qd8 44. Kg2 Bf6 45. Bh5 Re7 46. Qd5 Ra5 47.
Qc6 Rea7 48. b4 R7a6 49. Qb7 Rb6 50. Qf7# 1-0